000 00588nam a2200193Ia 4500
003 GCL
008 140319s9999 xx 000 0 ara d
040 _aGCL /
_cGCL
082 0 4 _aع
_b641.7
_bس ف
100 1 _aسامى عبدالقادر سعيد
245 1 0 _aفن الطهى فى صناعة الفنادق /
_cسامى عبدالقادر سعيد
260 _a[S.N] :
_bمكتبة الانجلوالمصرية ،
_c1993
300 _a279 ص
490 _a
650 0 4 _aالاقتصاد المنزلى
650 0 4 _aالاغذية
650 0 4 _aالطهى
942 _2ddc
_cBK
999 _c30356
_d30356